[Event "31. DSenEM2019 Gruppe 65+"]
[Site "Radebeul"]
[Date "2019.05.01"]
[Round "6.48"]
[White "Dobierzin, Olaf"]
[Black "Kundt, Günther"]
[Result "1-0"]
[BlackElo "1736"]
[BlackTeam "SSC Graal-Müritz"]
[EventDate "2019.??.??"]
[PlyCount "137"]
[WhiteElo "1992"]
[WhiteTeam "SG Leipzig"]

1. e4 d5 2. exd5 Qxd5 3. Nc3 Qa5 4. d4 Nf6 5. Nf3 Bf5 6. Bc4 e6 7. Bd2 c6 8. Nd5
Qd8 9. Nxf6+ gxf6 10. O-O Be7 11. Bf4 Nd7 12. Qe2 Nb6 13. Bb3 Bd6 14. Bxd6 Qxd6
15. Nh4 Bg6 16. Rad1 O-O 17. f4 f5 18. g3 Nd7 19. c3 Nf6 20. Qe5 Qxe5 21. dxe5
Nd5 22. Rd3 b5 23. c4 bxc4 24. Bxc4 Rfb8 25. Rb3 Rb6 26. Nf3 Rab8 27. Kf2 a5
28. Rc1 a4 29. Rxb6 Rxb6 30. Rc2 Kf8 31. a3 Ke7 32. Nd4 Kd7 33. Be2 h6 34. Nxc6
Rxc6 35. Bb5 Ne7 36. Bxa4 Kc7 37. Bxc6 Nxc6 38. b4 Kb6 39. Rc5 Bh5 40. Ke3 Bd1
41. Kd2 Ba4 42. Rc3 Ne7 43. Rc1 Bb5 44. Kc3 Ba4 45. Kc4 Nd5 46. Kd4 Nc7 47.
Rxc7 Kxc7 48. Kc5 Bd1 49. b5 Kb7 50. Kb4 Kb6 51. a4 Bf3 52. a5+ Kc7 53. Kc5 Bd5
54. a6 Bf3 55. b6+ Kb8 56. Kd6 Bh5 57. Ke7 Bg6 58. Kf6 Bh5 59. Kg7 Be2 60. a7+
Kb7 61. Kxh6 Bf3 62. h4 Kxb6 63. h5 Kxa7 64. Kg5 Bxh5 65. Kxh5 Kb7 66. Kg5 Kc7
67. Kf6 Kd8 68. Kxf7 Kd7 69. Kf6  1-0

[Event "31. DSenEM2019 Gruppe 65+"]
[Site "Radebeul"]
[Date "2019.05.01"]
[Round "6.49"]
[White "Bodach, Hans"]
[Black "Reeh, Axel"]
[Result "1-0"]
[BlackElo "1694"]
[BlackTeam "Bremer SG"]
[EventDate "2019.??.??"]
[PlyCount "83"]
[WhiteElo "2078"]
[WhiteTeam "SV Dresden-Leuben"]

1. Nf3 Nf6 2. c4 d6 3. d4 g6 4. g3 Bg7 5. Bg2 c6 6. O-O O-O 7. Nc3 Nbd7 8. Qc2
Rb8 9. Rd1 Qc7 10. b3 b6 11. Bb2 Bb7 12. Rac1 a6 13. b4 Ne8 14. Bh3 e6 15. Ne4
Ndf6 16. Ned2 Qe7 17. e4 Nd7 18. e5 dxe5 19. dxe5 Kh8 20. a3 Bh6 21. Rb1 Bg7
22. Bg2 Nc7 23. Ne4 Ne8 24. Rd2 c5 25. Bc3 Bxe4 26. Qxe4 Bh6 27. Rd3 f5 28. Qc6
Rf7 29. Rbd1 Rd8 30. bxc5 Nb8 31. Qxb6 Rxd3 32. Rxd3 Nd7 33. Qc6 Nb8 34. Qc8
Qb7 35. Qxe8+ Rf8 36. Qa4 Qe4 37. Rd6 Qb1+ 38. Qd1 Qb7 39. Nd4 Qe7 40. Nxe6 Qe8
41. Nxf8 Bxf8 42. Rd8  1-0

[Event "31. DSenEM2019 Gruppe 65+"]
[Site "Radebeul"]
[Date "2019.05.01"]
[Round "6.50"]
[White "Keeve, Martin"]
[Black "Krüger, Erich"]
[Result "0-1"]
[BlackElo "2113"]
[BlackTeam "SF Essen-Katernberg"]
[EventDate "2019.??.??"]
[PlyCount "70"]
[WhiteElo "1860"]
[WhiteTeam "USV TU Dresden"]

1. d4 Nf6 2. c4 g6 3. Nc3 Bg7 4. Nf3 O-O 5. g3 d6 6. Bg2 c6 7. O-O Qa5 8. Qb3
Nbd7 9. Rd1 e5 10. e3 e4 11. Nd2 d5 12. a4 Re8 13. Qa3 Bf8 14. c5 Qd8 15. b4 h5
16. Ne2 h4 17. Nf1 Nh7 18. Bd2 Ng5 19. Nf4 Nf3+ 20. Kh1 Nf6 21. Bxf3 exf3 22.
Be1 g5 23. Nd3 Ne4 24. Ne5 Qf6 25. g4 Rxe5 26. dxe5 Qxe5 27. h3 f5 28. Nh2 fxg4
29. hxg4 Bxg4 30. Qd3 Bh5 31. Ra2 Bg7 32. Qf1 g4 33. Rd4 Qf5 34. Rd1 g3 35.
fxg3 hxg3  0-1

[Event "31. DSenEM2019 Gruppe 65+"]
[Site "Radebeul"]
[Date "2019.05.01"]
[Round "6.51"]
[White "Schmidt, Hans-Gerd"]
[Black "Molzahn, Norbert"]
[Result "1/2-1/2"]
[BlackElo "2068"]
[BlackTeam "SV Motor Hainichen"]
[EventDate "2019.??.??"]
[PlyCount "64"]
[WhiteElo "1850"]
[WhiteTeam "TuS Coswig"]

1. e4 c5 2. Nf3 Nc6 3. d4 cxd4 4. Nxd4 g6 5. Nc3 Bg7 6. Be3 d6 7. Qd2 Nf6 8. f3
Nxd4 9. Bxd4 O-O 10. h4 h5 11. O-O-O Be6 12. Be2 Rc8 13. Kb1 Re8 14. Rdg1 Qa5
15. a3 Bc4 16. Be3 Bxe2 17. Nxe2 Qxd2 18. Bxd2 Rc7 19. Nc3 Rec8 20. Rd1 a6 21.
Rhe1 b5 22. Re2 Kf8 23. Be3 Nd7 24. Nd5 Rb7 25. Bd4 Ne5 26. Ne3 a5 27. f4 Nc4
28. Bxg7+ Kxg7 29. Nxc4 bxc4 30. Rd4 a4 31. Kc1 c3 32. bxc3 Rxc3  1/2-1/2

[Event "31. DSenEM2019 Gruppe 65+"]
[Site "Radebeul"]
[Date "2019.05.01"]
[Round "6.52"]
[White "Siewert, Wolfgang"]
[Black "Kempe, Rainer"]
[Result "0-1"]
[BlackElo "1991"]
[BlackTeam "SV Lok Dresden"]
[EventDate "2019.??.??"]
[PlyCount "122"]
[WhiteElo "1807"]
[WhiteTeam "SV Eiche Reichenbrand"]

1. Nf3 e6 2. e4 c5 3. d4 cxd4 4. Nxd4 a6 5. Bd3 Nf6 6. O-O d6 7. c4 Be7 8. b3
O-O 9. Bb2 Nc6 10. Nxc6 bxc6 11. Nc3 Qc7 12. f4 Rd8 13. Rc1 e5 14. f5 d5 15.
cxd5 cxd5 16. Qe2 Qa7+ 17. Kh1 d4 18. Nb1 Bb7 19. Nd2 Rac8 20. Nc4 Qb8 21. Na5
Rxc1 22. Bxc1 Ba8 23. Bd2 Bb4 24. Bxb4 Qxb4 25. Nc4 Qc3 26. h3 Nh5 27. Qxh5
Qxd3 28. Re1 Qg3 29. Qe2 d3 30. Qd2 Qh4 31. Nxe5 Bxe4 32. Qe3 f6 33. Nxd3 Re8
34. Qd2 Qxh3+ 35. Kg1 Qxf5 36. Nf2 Bc6 37. Rxe8+ Bxe8 38. Qc3 Qe6 39. Nh3 Qb6+
40. Kh2 g5 41. Ng1 Qd6+ 42. Kh1 Bc6 43. Nf3 Bd7 44. Nd2 Qe6 45. Nc4 h5 46. Qf3
g4 47. Qg3 Kg7 48. Nb2 Qf5 49. Nd3 h4 50. Qxh4 Qf1+ 51. Kh2 Qxd3 52. Qe1 Kg6
53. b4 f5 54. a4 f4 55. b5 g3+ 56. Kh1 axb5 57. axb5 Qxb5 58. Kg1 Bf5 59. Kh1
Qb1 60. Qxb1 Bxb1 61. Kg1 Bd3  0-1

[Event "31. DSenEM2019 Gruppe 65+"]
[Site "Radebeul"]
[Date "2019.05.01"]
[Round "6.54"]
[White "Gafke, Manfred"]
[Black "Bieberle, Gerhart"]
[Result "0-1"]
[BlackElo "1941"]
[BlackTeam "PTSV Aachen"]
[EventDate "2019.??.??"]
[PlyCount "112"]
[WhiteElo "1765"]
[WhiteTeam "SV Lok Dresden"]

1. d4 Nf6 2. Nf3 c6 3. c3 d5 4. Bf4 Nh5 5. Bxb8 Rxb8 6. e3 g6 7. Nbd2 Bg7 8. Be2
O-O 9. h3 Nf6 10. O-O b5 11. Nb3 Nd7 12. Bd3 a5 13. Rc1 a4 14. Nbd2 Nb6 15. e4
e6 16. exd5 exd5 17. Re1 Bh6 18. Rc2 Be6 19. Ne5 Qc7 20. Nf1 Nd7 21. Rce2 Nf6
22. Nh2 Nh5 23. Nhg4 Bg7 24. Qd2 Rbc8 25. f4 Ng3 26. Rf2 Qd6 27. Kh2 Nf5 28.
Ne3 Nh6 29. g4 f6 30. g5 fxe5 31. gxh6 exf4 32. Ng4 Bh8 33. Ne5 Bxe5 34. Rxe5
f3 35. Qg5 Bd7 36. Qg3 Rf6 37. Rxf3 Rcf8 38. Rxf6 Rxf6 39. Kg2 Qf8 40. Qe3 Rf7
41. Be2 Qd6 42. Qg5 Qf6 43. Qg3 Kf8 44. Re3 Qf4 45. Re5 Qxh6 46. Rg5 Bxh3+ 47.
Kg1 Bf5 48. Qd6+ Kg8 49. Qg3 Be4 50. Bh5 Qf8 51. Be2 Rf4 52. Re5 Qh6 53. Rh5
Qf8 54. Re5 Rf6 55. Bg4 Rf1+ 56. Kh2 Rh1#  0-1

[Event "31. DSenEM2019 Gruppe 65+"]
[Site "Radebeul"]
[Date "2019.05.01"]
[Round "6.55"]
[White "Fritsch, Jürgen"]
[Black "Höhne, Peter"]
[Result "1/2-1/2"]
[Annotator "lenovo"]
[BlackElo "1925"]
[BlackTeam "SG Hohndorf"]
[EventDate "2019.??.??"]
[PlyCount "150"]
[WhiteElo "1751"]
[WhiteTeam "HSK Lister Turm"]

1. e4 e5 2. Nf3 Nc6 3. Bb5 a6 4. Bxc6 dxc6 5. d3 Bg4 6. Be3 Qd6 7. Nbd2 Qb4 8.
Rb1 O-O-O 9. a3 Bxf3 10. Qxf3 Qa4 11. Nb3 Nf6 12. Qf5+ Kb8 13. Qxe5 b5 14. O-O
Bd6 15. Qc3 Ng4 16. h3 Be5 17. Qc5 Nxe3 18. fxe3 Bf6 19. Qb4 Qxb4 20. axb4 Be7
21. Nd4 Kb7 22. Rxf7 Bxb4 23. Rxg7 Bd6 24. Nf5 Be5 25. Re7 Bf6 26. Rf7 Rdf8 27.
Rxf8 Rxf8 28. Kf2 a5 29. b3 c5 30. g4 Kc6 31. Ke2 a4 32. d4 a3 33. e5 Bd8 34.
Ra1 b4 35. Ra2 h5 36. c4 hxg4 37. d5+ Kb7 38. hxg4 Rh8 39. Kd3 Rh7 40. e6 Bf6
41. Ke4 Kc8 42. Ng3 Rh3 43. Nf5 Rh1 44. d6 c6 45. Ng3 Rb1 46. Rf2 Bg7 47. Rf7
Rd1 48. Rc7+ Kb8 49. Rxg7 Rxd6 50. e7 Re6+ 51. Kf5 Rxe7 52. Rxe7 a2 53. Ne4
a1=Q 54. Nxc5 Qa5 55. Re5 Qd8 56. g5 Qf8+ 57. Ke4 Qf7 58. Na6+ Kc8 59. Nxb4 Qb7
60. Nd3 Qxb3 61. Rc5 Kd8 62. Rxc6 Qc2 63. Rc5 Qg2+ 64. Kd4 Qg4+ 65. Nf4 Ke7 66.
Re5+ Kf7 67. c5 Qd7+ 68. Kc3 Qd1 69. g6+ Kf6 70. Rd5 Qc1+ 71. Kd3 Qd1+ 72. Kc4
Qc2+ 73. Kd4 Qd1+ 74. Ke4 Qh1+ 75. Kd4 Qa1+  1/2-1/2

[Event "31. DSenEM2019 Gruppe 65+"]
[Site "Radebeul"]
[Date "2019.05.01"]
[Round "6.56"]
[White "Andrasch, Peter"]
[Black "Nosek, Reinhard"]
[Result "0-1"]
[BlackElo "1913"]
[BlackTeam "SF Torgau"]
[EventDate "2019.??.??"]
[PlyCount "84"]
[WhiteElo "1740"]
[WhiteTeam "SF Nordost Berlin"]

1. f4 d6 2. Nf3 Bg4 3. e3 e5 4. h3 Bd7 5. fxe5 dxe5 6. e4 Be7 7. Qe2 Nc6 8. c3
Bf6 9. d3 h5 10. Be3 g5 11. Qf2 Nh6 12. Qd2 Rg8 13. Nh2 Qe7 14. Na3 O-O-O 15.
Be2 h4 16. O-O-O Be6 17. Kb1 Qd7 18. Qc2 Be7 19. Qa4 b6 20. d4 exd4 21. Bxd4
Na5 22. Nb5 a6 23. b4 c5 24. Be5 Qb7 25. Na7+ Qxa7 26. bxa5 b5 27. Qa3 f6 28.
Nf3 fxe5 29. Nxe5 c4 30. Qb2 Qc7 31. Nf3 Qf4 32. Qc2 Nf5 33. Rd2 Ne3 34. Qc1
Qxe4+ 35. Ka1 Rxd2 36. Qxd2 Nc2+ 37. Kb1 Bf5 38. Kc1 Ba3+ 39. Kd1 Rd8 40. Nd4
Nxd4 41. Bd3 Qxd3 42. cxd4 Qb1+  0-1

[Event "31. DSenEM2019 Gruppe 65+"]
[Site "Radebeul"]
[Date "2019.05.01"]
[Round "6.57"]
[White "Werl, Ralf-Dieter"]
[Black "Pundt, Wilfried"]
[Result "0-1"]
[BlackElo "1861"]
[BlackTeam "SK Bremen-Nord"]
[EventDate "2019.??.??"]
[PlyCount "46"]
[WhiteElo "1904"]
[WhiteTeam "SV Motor Hainichen"]

1. e4 e5 2. Nf3 Nc6 3. Bc4 Nf6 4. d3 Be7 5. a4 O-O 6. c3 d6 7. O-O Bg4 8. Bg5
Qd7 9. Nbd2 Rad8 10. Qc2 Nh5 11. Rfe1 Bxg5 12. Nxg5 h6 13. Ngf3 Nf4 14. Re3 Be6
15. d4 Bxc4 16. Nxc4 Qg4 17. g3 f5 18. Kh1 fxe4 19. Qxe4 d5 20. Nfxe5 Qh3 21.
g4 dxe4 22. Rxh3 Nxh3 23. Kg2 Nxf2  0-1

[Event "31. DSenEM2019 Gruppe 65+"]
[Site "Radebeul"]
[Date "2019.05.01"]
[Round "6.58"]
[White "Lichtblau, Ernst"]
[Black "Rache, Ralf"]
[Result "1/2-1/2"]
[BlackElo "1903"]
[BlackTeam "Aachener SV"]
[EventDate "2019.??.??"]
[PlyCount "47"]
[WhiteElo "1729"]
[WhiteTeam "Brühler SK"]

1. Nf3 Nf6 2. b3 d5 3. Bb2 Bf5 4. d3 e6 5. Nbd2 Nbd7 6. e3 h6 7. Be2 Bd6 8. O-O
O-O 9. c4 c6 10. Rc1 Qe7 11. d4 Ne4 12. c5 Bc7 13. Ne5 Nxd2 14. Qxd2 f6 15.
Nxd7 Qxd7 16. Bd3 e5 17. Bxf5 Qxf5 18. Qc2 e4 19. f4 Qh5 20. g3 f5 21. Qg2 Rf6
22. Bc3 Qf7 23. Kf2 Kf8 24. Rg1  1/2-1/2

[Event "31. DSenEM2019 Gruppe 65+"]
[Site "Radebeul"]
[Date "2019.05.01"]
[Round "6.60"]
[White "Gabriel, Rolf"]
[Black "Gebuhr, Günter"]
[Result "0-1"]
[BlackElo "1883"]
[BlackTeam "SSV Weimar"]
[EventDate "2019.??.??"]
[PlyCount "116"]
[WhiteElo "1726"]
[WhiteTeam "SV Ottendorf-Okrilla"]

1. d4 Nf6 2. c4 e6 3. Nc3 Bb4 4. Bg5 h6 5. Bh4 O-O 6. e3 d5 7. a3 Be7 8. cxd5
exd5 9. Bd3 Nbd7 10. Nf3 c5 11. Qc2 c4 12. Bf5 Re8 13. O-O Nf8 14. Bg3 Bxf5 15.
Qxf5 Qc8 16. Qxc8 Raxc8 17. Nb5 a6 18. Nd6 Bxd6 19. Bxd6 Ne4 20. Bb4 Nd7 21.
Rac1 b5 22. Rfe1 Re6 23. Nh4 Rce8 24. Nf5 Nb6 25. f3 Nf6 26. Nd6 Rb8 27. e4 Na4
28. e5 Nh5 29. Rc2 Nf4 30. Re3 f6 31. g3 Nd3 32. Bc3 Nxc3 33. bxc3 fxe5 34.
dxe5 Rxe5 35. Rce2 Rxe3 36. Rxe3 a5 37. Re7 b4 38. axb4 axb4 39. cxb4 c3 40.
Rc7 d4 41. Nf5 Rxb4 42. Rxg7+ Kf8 43. Rc7 Ne5 44. f4 Rb1+ 45. Kg2 Rb2+ 46. Kh3
d3 47. Rxc3 Rc2 48. Ra3 d2 49. Ne3 Nc4 50. Ra8+ Ke7 51. Nd1 Rc1 52. Nf2 Rf1 53.
Ne4 d1=Q 54. Ra7+ Kd8 55. Ra8+ Kc7 56. Nf6 Nd6 57. Ra7+ Nb7 58. Ra6 Qd3  0-1

[Event "31. DSenEM2019 Gruppe 65+"]
[Site "Radebeul"]
[Date "2019.05.01"]
[Round "6.61"]
[White "Fleischer, Martin"]
[Black "Hellwege, Werner"]
[Result "1-0"]
[BlackElo "1845"]
[BlackTeam "HSK Lister Turm"]
[EventDate "2019.??.??"]
[PlyCount "51"]
[WhiteElo "1881"]
[WhiteTeam "SV Einheit Schwerin"]

1. e4 c5 2. Nf3 e6 3. c3 d5 4. exd5 Qxd5 5. Bb5+ Bd7 6. Bxd7+ Nxd7 7. O-O Ngf6
8. d3 g6 9. Qe2 Bg7 10. h3 O-O 11. Be3 e5 12. c4 Qd6 13. Nc3 Rfe8 14. Rfd1 a6
15. a4 Rad8 16. a5 Nb8 17. Bg5 Nc6 18. Ne4 Qe7 19. Qe3 Nd4 20. Nxd4 Rxd4 21.
Qf3 Rxe4 22. dxe4 h6 23. Bxf6 Bxf6 24. Rd5 Bg7 25. Rad1 Qc7 26. Rd7  1-0

[Event "31. DSenEM2019 Gruppe 65+"]
[Site "Radebeul"]
[Date "2019.05.01"]
[Round "6.62"]
[White "Nowack, Achim"]
[Black "Reimann, Günther"]
[Result "1/2-1/2"]
[BlackElo "1880"]
[BlackTeam "SC Magstadt"]
[EventDate "2019.??.??"]
[PlyCount "36"]
[WhiteElo "1696"]
[WhiteTeam "SK Kaltenkirchen"]

1. e4 e6 2. d3 d5 3. Nd2 Nf6 4. g3 Be7 5. Bg2 c6 6. e5 Nfd7 7. Ngf3 O-O 8. O-O
c5 9. c3 Nc6 10. Re1 Qc7 11. Qe2 Rb8 12. a3 b6 13. d4 Bb7 14. h4 cxd4 15. cxd4
Na5 16. b4 Nc4 17. Ng5 h6 18. Nh3 Nxd2  1/2-1/2

[Event "31. DSenEM2019 Gruppe 65+"]
[Site "Radebeul"]
[Date "2019.05.01"]
[Round "6.64"]
[White "Scharff, Jürgen"]
[Black "Baumast, Bernd"]
[Result "1/2-1/2"]
[BlackElo "1534"]
[BlackTeam "SV Bad Oldesloe"]
[EventDate "2019.??.??"]
[PlyCount "48"]
[WhiteElo "1693"]
[WhiteTeam "SV Opladen"]

1. d4 e6 2. c4 c5 3. e3 Nf6 4. Nc3 b6 5. Nf3 Bb7 6. Bd3 Nc6 7. Be2 d5 8. O-O
dxc4 9. Bxc4 Be7 10. Re1 O-O 11. a3 a6 12. dxc5 Qxd1 13. Rxd1 Na5 14. Be2 Bxc5
15. b4 Nb3 16. Rb1 Nxc1 17. Rdxc1 Be7 18. Na4 Nd5 19. e4 Nf4 20. Rb2 Nxe2+ 21.
Rxe2 Bd8 22. Ne5 b5 23. Nc5 Bf6 24. Ned7 Bg5  1/2-1/2

[Event "31. DSenEM2019 Gruppe 65+"]
[Site "Radebeul"]
[Date "2019.05.01"]
[Round "6.65"]
[White "Mertens, Gottfried"]
[Black "Bondick, Karl-Heinz"]
[Result "1/2-1/2"]
[BlackElo "1948"]
[BlackTeam "USC Magdeburg"]
[EventDate "2019.??.??"]
[PlyCount "56"]
[WhiteElo "1782"]
[WhiteTeam "SK Weinheim"]

1. f4 e5 2. fxe5 d6 3. exd6 Nc6 4. Nf3 Nf6 5. e3 Bxd6 6. Qe2 O-O 7. g3 Bg4 8.
Bg2 Qd7 9. O-O Rfe8 10. Nc3 a6 11. Qf2 Rad8 12. d3 b5 13. a3 Bc5 14. Kh1 Bh5
15. Re1 Qf5 16. Qf1 Re7 17. Nh4 Qd7 18. Qf5 Qxf5 19. Nxf5 Re5 20. Bxc6 Rxf5 21.
Kg2 Rd6 22. Be4 Nxe4 23. Nxe4 Bf3+ 24. Kg1 Bxe4 25. dxe4 Re5 26. b4 Bb6 27. Bb2
Rxe4 28. Bc1 Rde6  1/2-1/2

[Event "31. DSenEM2019 Gruppe 65+"]
[Site "Radebeul"]
[Date "2019.05.01"]
[Round "6.66"]
[White "Wawrinsky, Ludwig"]
[Black "Leisen, Peter"]
[Result "0-1"]
[BlackElo "1872"]
[BlackTeam "SV Bönen"]
[EventDate "2019.??.??"]
[PlyCount "86"]
[WhiteElo "1676"]
[WhiteTeam "SK Neuperlach"]

1. e4 c5 2. d3 Nc6 3. f4 e6 4. Nf3 d5 5. Nc3 d4 6. Ne2 Nf6 7. h3 Be7 8. g4 h6 9.
Ng3 Qc7 10. Bg2 g5 11. Ne2 Nh7 12. O-O Bd7 13. Bd2 O-O-O 14. Qc1 Rdg8 15. Ne5
Nxe5 16. fxe5 Qxe5 17. Rxf7 Bd6 18. Be1 Qh2+ 19. Kf1 Rf8 20. Rxf8+ Rxf8+ 21.
Bf2 Bc6 22. Qe1 Nf6 23. Ng1 Nd7 24. Qe2 Ne5 25. Qe1 Be8 26. Qa5 Nc6 27. Qe1 h5
28. Nf3 Qf4 29. Qd2 Qxd2 30. Nxd2 hxg4 31. hxg4 Bg3 32. Bf3 Bf4 33. Nb3 Ne5 34.
Nxc5 Nxf3 35. Nxe6 Rf6 36. Nxf4 Rxf4 37. Ke2 Bd7 38. Bg3 Rf7 39. c3 Bxg4 40.
cxd4 Nxd4+ 41. Kd2 b6 42. Rc1+ Kb7 43. Be5 Nf3+  0-1

[Event "31. DSenEM2019 Gruppe 65+"]
[Site "Radebeul"]
[Date "2019.05.01"]
[Round "6.67"]
[White "Görden, Hans-Jürgen"]
[Black "Ollek, Karl-Heinz"]
[Result "1-0"]
[BlackElo "1626"]
[BlackTeam "SC Friesen Lichtenberg"]
[EventDate "2019.??.??"]
[PlyCount "81"]
[WhiteElo "1863"]
[WhiteTeam "SV Lok Dresden"]

1. e4 g6 2. d4 Bg7 3. Nc3 d6 4. f4 Nf6 5. Bd3 O-O 6. Nf3 c5 7. dxc5 dxc5 8. e5
Ng4 9. h3 c4 10. Bxc4 Qxd1+ 11. Nxd1 Nh6 12. Ne3 Nc6 13. Bd2 a6 14. O-O-O Rd8
15. Bc3 Bf5 16. Ng5 Rxd1+ 17. Rxd1 Rd8 18. Bd5 Bc8 19. g4 e6 20. Bf3 Rxd1+ 21.
Kxd1 Bf8 22. Ne4 Be7 23. Nc4 Bd7 24. Ncd6 b5 25. Nc5 b4 26. Bd2 Nd4 27. Bb7 Bb5
28. Bxb4 Be2+ 29. Kd2 Bf1 30. c3 Nb5 31. Nxb5 axb5 32. Bc6 g5 33. Ne4 Bxb4 34.
Nf6+ Kh8 35. cxb4 gxf4 36. Bf3 Ng8 37. Nxg8 Kxg8 38. h4 Bc4 39. b3 Bd5 40. Bxd5
exd5 41. a4  1-0

[Event "31. DSenEM2019 Gruppe 65+"]
[Site "Radebeul"]
[Date "2019.05.01"]
[Round "6.68"]
[White "Fauth, Frank"]
[Black "Klein, Reinhard"]
[Result "1/2-1/2"]
[BlackElo "1863"]
[BlackTeam "Münchener SC"]
[EventDate "2019.??.??"]
[PlyCount "45"]
[WhiteElo "1671"]
[WhiteTeam "SV Jena"]

1. d4 Nf6 2. c4 e6 3. Nc3 Bb4 4. e3 b6 5. Nf3 Bb7 6. Be2 O-O 7. O-O d5 8. Bd2
Nbd7 9. cxd5 Bxc3 10. Bxc3 exd5 11. b4 Ne4 12. Rc1 a5 13. bxa5 Nxc3 14. Rxc3
Rxa5 15. Qb3 c6 16. Rb1 Qe7 17. Qc2 Rfa8 18. Rb2 b5 19. h3 f6 20. Bd3 g6 21.
Nd2 Nb6 22. Nb3 R5a7 23. Nc5  1/2-1/2

[Event "31. DSenEM2019 Gruppe 65+"]
[Site "Radebeul"]
[Date "2019.05.01"]
[Round "6.69"]
[White "Klimpel, Siegfried"]
[Black "Meißner, Werner"]
[Result "0-1"]
[BlackElo "1665"]
[BlackTeam "SV TuR Dresden"]
[EventDate "2019.??.??"]
[PlyCount "60"]
[WhiteElo "1856"]
[WhiteTeam "TSV Kareth-Lappersdorf"]

1. e4 e5 2. Nf3 Nc6 3. d4 exd4 4. Nxd4 Nf6 5. Nxc6 bxc6 6. e5 Qe7 7. Qe2 Nd5 8.
c4 Nb6 9. b3 Qe6 10. Bb2 Be7 11. g3 Rb8 12. h4 O-O 13. Bh3 f5 14. Nd2 Na4 15.
Bd4 c5 16. Be3 Qxe5 17. O-O f4 18. gxf4 Rxf4 19. Nf3 Qe4 20. Nd2 Qg6+ 21. Kh2
Nc3 22. Qe1 Rxh4 23. Rg1 Qh5 24. Rg3 d5 25. Qf1 Bd6 26. f4 d4 27. Qg2 Rxh3+ 28.
Rxh3 Qxh3+ 29. Qxh3 Bxh3 30. Bxd4 cxd4  0-1

[Event "31. DSenEM2019 Gruppe 65+"]
[Site "Radebeul"]
[Date "2019.05.01"]
[Round "6.70"]
[White "Portsch, Claudius"]
[Black "Strehlow, Horst"]
[Result "0-1"]
[BlackElo "1946"]
[EventDate "2019.??.??"]
[PlyCount "76"]
[WhiteElo "1659"]
[WhiteTeam "BSV Chemie Radebeul"]

1. e4 e6 2. Nf3 d5 3. exd5 exd5 4. d4 Nc6 5. c3 Bd6 6. Bg5 Nge7 7. Bd3 f6 8. Bh4
Bg4 9. Nbd2 Qd7 10. h3 Bf5 11. Qc2 Bxd3 12. Qxd3 Nf5 13. g4 Nfe7 14. Bg3 Bxg3
15. fxg3 h5 16. gxh5 Rxh5 17. g4 Rh6 18. O-O-O O-O-O 19. Nb3 b6 20. Qa6+ Kb8
21. a4 Rdh8 22. Qf1 a5 23. Ne1 Nc8 24. Nd3 Nd6 25. Nd2 Ne7 26. b3 Ne4 27. Nxe4
dxe4 28. Nf4 g5 29. Ne2 f5 30. Ng3 fxg4 31. Nxe4 gxh3 32. Nxg5 Qc6 33. Qd3 h2
34. Nf7 Rh3 35. Qd2 Rxc3+ 36. Kb2 Rhh3 37. Rxh2 Rxb3+ 38. Ka1 Ra3+  0-1

[Event "31. DSenEM2019 Gruppe 65+"]
[Site "Radebeul"]
[Date "2019.05.01"]
[Round "6.71"]
[White "Kurpiela, Franz"]
[Black "Josting, Friedel"]
[Result "1-0"]
[BlackElo "1855"]
[BlackTeam "SG Bünde"]
[EventDate "2019.??.??"]
[PlyCount "73"]
[WhiteElo "1731"]
[WhiteTeam "TSG Öhringen"]

1. e4 c5 2. Nc3 Nc6 3. f4 g6 4. Nf3 Bg7 5. Bb5 Nd4 6. Bc4 a6 7. a4 d6 8. Nxd4
cxd4 9. Ne2 e5 10. O-O Be6 11. Bxe6 fxe6 12. d3 Qe7 13. c3 dxc3 14. bxc3 Nf6
15. fxe5 dxe5 16. Qb3 Rb8 17. Rb1 Qd7 18. Ba3 Nh5 19. Rf3 Bf8 20. Rbf1 Bxa3 21.
Qxa3 Qe7 22. Qb3 g5 23. g3 Ng7 24. d4 g4 25. Rf6 Rc8 26. dxe5 Qc5+ 27. R1f2 Rc7
28. Kg2 Qxe5 29. Qb4 Qc5 30. Qxc5 Rxc5 31. Rf7 Nf5 32. Rxb7 Ne3+ 33. Kg1 Rc8
34. Rff7 h5 35. Rfe7+ Kf8 36. Nf4 Rc6 37. Ng6+  1-0

[Event "31. DSenEM2019 Gruppe 65+"]
[Site "Radebeul"]
[Date "2019.05.01"]
[Round "6.73"]
[White "Ludwig, Siegfried"]
[Black "Prause, Dieter"]
[Result "1-0"]
[Annotator "lenovo"]
[BlackElo "1760"]
[BlackTeam "SK Delbrück"]
[EventDate "2019.??.??"]
[PlyCount "147"]
[WhiteElo "1536"]
[WhiteTeam "GSV Hemmingen"]

1. e4 d5 2. exd5 Qxd5 3. Nc3 Qa5 4. Qf3 Nf6 5. h3 c6 6. d3 Bf5 7. Bd2 e6 8. Nge2
Bb4 9. a3 Nbd7 10. Rd1 Bd6 11. Ne4 Bxe4 12. dxe4 Ne5 13. Bxa5 Nxf3+ 14. gxf3
Be5 15. Bc3 Bxc3+ 16. Nxc3 O-O 17. Be2 Rad8 18. e5 Nd5 19. Ne4 Nf4 20. Nd6 Ng6
21. Nc4 Rxd1+ 22. Kxd1 b5 23. Na5 Nxe5 24. f4 Rd8+ 25. Kc1 Ng6 26. f5 Nf4 27.
Re1 exf5 28. Nxc6 Re8 29. Kd2 Re6 30. Nd4 Rd6 31. Bd3 Kf8 32. Bxf5 Rxd4+ 33.
Ke3 Rc4 34. Kf3 Nd5 35. Be4 Nf6 36. Bd3 Rc5 37. b4 Rh5 38. Kg2 Rg5+ 39. Kh2 Rh5
40. f4 Rd5 41. Re5 h6 42. Rxd5 Nxd5 43. c4 bxc4 44. Bxc4 Nc7 45. a4 a6 46. b5
axb5 47. Bxb5 Ke7 48. Bc4 g6 49. a5 f5 50. Kg3 Kd6 51. Bd3 Ke6 52. h4 g5 53. a6
Na8 54. h5 g4 55. Bc4+ Kd6 56. Bf7 Ke7 57. Bg6 Kf6 58. a7 Ke6 59. Be8 Ke7 60.
Bc6 Nb6 61. a8=Q Nxa8 62. Bxa8 Kd8 63. Bb7 Kc7 64. Bd5 Kd6 65. Bf7 Ke7 66. Kh4
Kf6 67. Be8 Ke7 68. Ba4 Kd6 69. Bd1 Ke6 70. Bxg4 fxg4 71. Kxg4 Kd5 72. Kf5 Kd4
73. Kg6 Ke4 74. Kxh6  1-0

[Event "31. DSenEM2019 Gruppe 65+"]
[Site "Radebeul"]
[Date "2019.05.01"]
[Round "6.74"]
[White "Möws, Harald"]
[Black "Schumacher, Ursula"]
[Result "1-0"]
[BlackElo "1507"]
[BlackTeam "HTC Bad Neuenahr"]
[EventDate "2019.??.??"]
[PlyCount "122"]
[WhiteElo "1737"]
[WhiteTeam "SV Einheit Schwerin"]

1. e4 c6 2. d4 d5 3. e5 e6 4. f4 Ne7 5. Nf3 h6 6. Be3 Nf5 7. Bf2 Be7 8. Be2 Nd7
9. O-O a6 10. c3 c5 11. a3 c4 12. Nbd2 b5 13. Qe1 g6 14. b4 Nb6 15. g4 Ng7 16.
Kg2 h5 17. h3 hxg4 18. hxg4 Na4 19. Rc1 Kd7 20. Rh1 Bb7 21. Bd1 Nb2 22. Bc2 Bc6
23. Rb1 Na4 24. Bxa4 bxa4 25. Bg3 f5 26. g5 Nh5 27. Qf2 Nxg3 28. Qxg3 Qf8 29.
Rxh8 Qxh8 30. Rh1 Qg7 31. Qh3 Rg8 32. Qh7 Kc7 33. Qxg7 Rxg7 34. Rh6 Be8 35. Nf1
Bf7 36. Ne3 Kb6 37. Rh8 Rg8 38. Rh7 Rf8 39. Rg7 Kc7 40. Nh4 Kd7 41. Nxg6 Bxg6
42. Rxg6 Rh8 43. Rg7 Ke8 44. g6 Kf8 45. Rf7+ Ke8 46. Rh7 Rg8 47. g7 Kf7 48. Nd1
Bf8 49. Kf3 Bxg7 50. Nb2 Kg6 51. Rh3 Kf7 52. Nxa4 Bf8 53. Nc5 Bg7 54. Nxa6 Ra8
55. b5 Bf8 56. a4 Ra7 57. Ke2 Kg6 58. Kd2 Bh6 59. Ke3 Bg7 60. Rh1 Bf8 61. Ra1
Kf7  1-0

[Event "31. DSenEM2019 Gruppe 65+"]
[Site "Radebeul"]
[Date "2019.05.01"]
[Round "6.75"]
[White "Hülle, Gunter"]
[Black "Narr, Irmgard"]
[Result "0-1"]
[Annotator "lenovo"]
[BlackElo "1708"]
[BlackTeam "SC Mühlhof-Reichelsdorf"]
[EventDate "2019.??.??"]
[PlyCount "104"]
[WhiteElo "1736"]
[WhiteTeam "SV Springer Leipzig"]

1. b4 Nf6 2. Bb2 e6 3. b5 b6 4. e3 Bb7 5. Nf3 Be7 6. c4 O-O 7. Be2 d6 8. O-O
Nbd7 9. d4 Re8 10. Nbd2 Nf8 11. Qc2 c5 12. dxc5 dxc5 13. Rfd1 Qc8 14. Ne5 Ng6
15. Bf3 Bxf3 16. Ndxf3 Nxe5 17. Nxe5 Qb7 18. Nc6 Ng4 19. h3 Nf6 20. Qd3 h6 21.
e4 Nh7 22. e5 Nf8 23. f4 Ng6 24. g3 a6 25. a4 axb5 26. axb5 Rxa1 27. Rxa1 Bf8
28. Ra7 Qc8 29. Qa3 Ne7 30. Qf3 g6 31. Nxe7+ Bxe7 32. Qc6 Qd8 33. Rd7 Qb8 34.
Rb7 Qa8 35. Rxb6 Qd8 36. Ra6 Qd1+ 37. Kf2 Qd2+ 38. Kf3 Qd3+ 39. Kf2 Qc2+ 40.
Kf3 Rd8 41. Ra8 Qd3+ 42. Kf2 Qc2+ 43. Ke3 Qb3+ 44. Kf2 Qxb2+ 45. Ke1 Qc1+ 46.
Kf2 Qd2+ 47. Kf3 Qd3+ 48. Kf2 Qd4+ 49. Kf3 Rxa8 50. Qxa8+ Kg7 51. b6 Qc3+ 52.
Kf2 Qb2+  0-1